000 00803nam a22002177a 4500
003 koha_MIRAKIL
005 20260414094130.0
008 260414b tur||||| |||| 00| 0 tur d
020 _a9786052854921
040 _aTR-IsEVY
_btur
_cTR-IsEVY
082 _aFIC DIC/D
100 _aDickreiter, Lisa-Marie
245 0 _aDeniz ve Felaket Üçüzler okula geç aklıyor !
_bküçük yıldızlar okuma seviyesi 1 /
_cLisa-Marie Dickreiter, Andreas Götz ; resimleyen Nikolai Renger.
260 _aİzmir :
_bTudem,
_c2022.
300 _a55 s. :
_brenkli resimli ;
_c21 cm.
490 0 _aKüçük yıldızlar okuma seviyesi ;
_v1.
650 _aÇocuk Edebiyatı.
_vÇocuk Hikayeleri.
_vResimli Kitaplar.
700 1 _aGötz, Andreas.
_cyazar.
700 1 _aRenger, Nikolai.
_cresimleyen.
942 _2ddc
_cBK
999 _c23452
_d23452